000 00822nam a2200265 i 4500
001 11737
003 ES-MaACL
005 20230906150150.0
007 t|
008 960426s1995 sp ||||0| spa j
020 _a84-339-0521-X
040 _aM-BN
_bspa
_cM-BN
080 _a82.09
100 1 _aBloom, Harold.
_929559
245 1 3 _aEl canon occidental
_b: la escuela y los libros de todas las épocas /
_cHarold Bloom ; traducción de Damián Alou.
260 _aBarcelona :
_bAnagrama,
_c[1995]
300 _a585 p ;
_c22 cm.
490 1 _aColección Argumentos ;
_v171
650 _aLiteratura-
_xHistoria y crítica.
_914489
700 1 _aAlou, Damián.
_920453
830 0 _aColección Argumentos ;
_v171
_9178071
852 _aES-MaACL
_jL-19042
_bR.125042
999 _c11737
_d11737